LEADER 00776nam0 2200265 450 001 000007466 005 20080926143837.0 010 $a0-7645-7901-0 100 $a20070207d2005----km-y0itay50------ba 101 0 $aeng 102 $aUS 105 $ay-------001yy 200 1 $aProfessional assembly language$fRichard Blum 210 $aIndianapolis$cWiley publishing$dc2005 215 $aXXVIII, 545 p.$d24 cm 410 0$12001 610 1 $aLinguaggio Assembly 610 1 $aAssembly 676 $a005.13$v20 700 1$aBlum,$bRichard$0406810 801 0$aIT$bUNIPARTHENOPE$c20070207$gRICA$2UNIMARC 912 $a000007466 951 $a005-P/3$b39013$cNAVA1$d2007 996 $aProfessional assembly language$91205584 997 $aUNIPARTHENOPE LEADER 01506nam0 22003491i 450 001 UON00234466 005 20231205103517.838 010 $a550054 100 $a20030730d1991 |0itac50 ba 101 $aita$aSPA 102 $aIT 105 $a||||e ||||| 200 1 $aNuevas palabras$dParole nuove$edizionario spagnolo-italiano e italiano-spagnolo di neologismi e di espressioni colloquiali$fM.V. Calvi, S. Monti 210 $aTorino$cParavia$d1991 215 $a318 p.$d23 cm 517 1$3UON00372425$aDizionario spagnolo-italiano e italiano-spagnolo di neologismi e di espressionicolloquiali 606 $aLingua italiana$xDizionari spagnoli$3UONC043415$2FI 606 $aLingua italiana$xNeologismi$xDizionari$3UONC052128$2FI 606 $aLingua spagnola$xDizionari italiani$3UONC056454$2FI 606 $aLingua spagnola$xNeologismi$xDizionari$3UONC052129$2FI 606 $aNeologismi$3UONC052130$2FI 620 $aIT$dTorino$3UONL000014 676 $a463$cLingua spagnola. Dizionari$v21 700 1$aCALVI$bMaria Vittoria$3UONV111529$0174000 701 1$aMONTI$bSilvia$3UONV142072$0251204 712 $aParavia$3UONV249064$4650 801 $aIT$bSOL$c20251017$gRICA 899 $aSIBA - SISTEMA BIBLIOTECARIO DI ATENEO$2UONSI 912 $aUON00234466 950 $aSIBA - SISTEMA BIBLIOTECARIO DI ATENEO$dSI S.C II DIZ 058 $eSI LO 47674 7 058 996 $aNuevas palabras$91232712 997 $aUNIOR